| 000 | 01180 a2200265 4500 | ||
|---|---|---|---|
| 005 | 20260320155613.0 | ||
| 008 | 260320b |||||||| |||| 00| 0 eng d | ||
| 020 | _a9788126340477 (hbk) | ||
| 037 | _cTB | ||
| 040 |
_aCRL _cCRL |
||
| 041 |
_2hin _ahin _hben |
||
| 084 |
_aO157,3N35,MM 152Q0;Q2 _qCRL |
||
| 100 |
_aगंगोपाध्याय, सुनील _9860525 |
||
| 245 | _aमोनेर मानुष | ||
| 250 | _aसंस्करण 3 | ||
| 260 |
_bभारतीय ज्ञानपीठ, _c2012. _aनयी दिल्ली, भारत: |
||
| 300 | _a138पृ. | ||
| 365 | _bINR 150.00 | ||
| 490 | _aराष्ट्रभारती लोकोदय प्रकाशन: ग्रंथांक 995 | ||
| 546 | _aTranslated from Bengali to Hindi | ||
| 650 | _aबंगाली कहानी | ||
| 700 |
_aकान्ति, सुशील _eअनुवादक _91132732 |
||
| 942 |
_cTB _2CC _eसंस्करण 3 _hO157,3N35,MM 152Q0;Q2 |
||
| 999 |
_c1466642 _d1466642 |
||